000 00741nam a2200289Ia 4500
005 20260324112932.0
008 008 260324s9999 xx 000 0 eng d
020 _a9781032692258
037 _aEBOOK
040 _aCRL
040 _beng
040 _cCRL
041 _2eng
041 _aeng
084 _qCRL
100 _aCatherine Gorman Cordova
_91144743
245 0 _aWhy You Should (or Shouldn’t) Go to College
245 2 _bA Modern Guide for Understanding Your College and Career Choices
260 _bTaylor and Francis
260 _c2024
365 _a
365 _b62.99
856 _uhttp://www.taylorfrancis.com/books/9781032692258
942 _cEBOOK
999 _c1734141
_d1734141